Meždunarodnyj svodnyj katalog russkoj knigi (1918-1926) Tom 1, (A-Bednyj)

Bibliographic Details
Other Authors: Kovaleva, I.A (Compiler)
Format: Book
Language:Russian
PhysicalDescription:xxxvi, 698 s. 22 cm
Published: Sankt-Peterburg Rossijskaja nacional'naja biblioteka 2002
ISBN:5819201167
Subjects:

MARC

LEADER 00000nam a2200000 a 4500
001 vtls001445065
003 SK-MaSNL
005 20260301162947.0
008 021122sm y0 RU r 0 rus
020 |a 5819201167  |c [300,00] 
035 |a SNK000400297 
040 |a SNK  |b slo  |c SNK  |e AACR2 
043 |a e-ur-ru 
044 |a RU 
072 7 |a 08  |x Súborné diela  |2 konspekt 
080 |a 08/09  |2 1981 
080 |a 002.2(=161.1)+908(470+571)  |2 1981 
080 |a 019.6  |2 1981 
080 |a (470+571)  |2 1981 
080 |a 013  |2 1981 
080 |a (01)  |2 1981 
080 |a (083.81)  |2 1981 
245 1 |a Meždunarodnyj svodnyj katalog russkoj knigi (1918-1926)  |c [sostaviteli I. A. Kovaleva ... [et al.]]  |n Tom 1, (A-Bednyj) 
260 |a Sankt-Peterburg  |b Rossijskaja nacional'naja biblioteka  |c 2002 
300 |a xxxvi, 698 s.  |c 22 cm 
500 |a Súb. tit. strana angl. 
650 0 7 |a knihy  |z Rusko  |2 SNK  |9 353553 
650 0 7 |a rusiká  |2 SNK  |9 66974 
650 0 7 |a súborné katalógy  |2 SNK  |9 66975 
655 7 |a neperiodické bibliografie  |2 SNK  |9 60408 
655 7 |a bibliografie  |2 SNK  |9 28668 
655 7 |a katalógy  |2 SNK  |9 60821 
700 1 |a Kovaleva, I.A.  |4 zos  |9 528291 
919 |a 5-8192-0116-7 
999 |c 815144  |d 817074 
952 |t snkMEZ/1 002.2(470+570)  |a SNKUST  |b SNKUST  |y PREZ  |7 0  |p 17A0374235  |o snkIC 130606/1   |i snkV 397/2003  |0 0  |1 0  |4 0  |d 2003-02-19  |l 0  |r 2025-03-19 00:00:00  |w 2026-02-24